Los ODS como punto de partida para el fomento de la calidad del empleo femenino

Bibliographic Details
Main Author: Blz̀quez Agudo, Eva M.
Format: eBook
Language:Spanish
Published: Madrid: Dykinson, 2018
Subjects:
Online Access:Acceso restringido

MARC

LEADER 00000nam a22000007a 4500
005 2019021903113.0
007 cr|||| ||||
008 190219s2018 es |||||s|||| 00||0 spa d
020 |a 978-84-9148-941-2 
035 |a 22755 
040 |a vLex 
090 |c 8465  |d 8465 
100 1 |a Blz̀quez Agudo, Eva M. 
245 1 3 |a Los ODS como punto de partida para el fomento de la calidad del empleo femenino  |h [Recurso electrn̤ico] /  |c Eva M. Blz̀quez Agudo 
256 |a Servicio en ln̕ea 
260 |a Madrid:  |b Dykinson,  |c 2018 
300 |a 1 recurso electrn̤ico 
506 1 |a Disponible solo en los productos indicados  |d vLex Global  |d vLex Global (Academic Edition, excluding Law Schools)  |d vLex Global (U.S. Academic Edition, Law Schools)  |d vLex Global (U.S. Academic Edition, excluding Law Schools)  |d vLex Global (Academic Edition, Law Schools) 
650 0 4 |a Fomento al Empleo  |z Espaą 
740 0 |a vLex Libros (Servicio en ln̕ea) 
856 4 0 |u http://vlex.com/source/ods-punto-partida-fomento-calidad-empleo-femenino-22755  |z Acceso restringido 
942 |c BOOK 
999 0 |a Employment Promotion